000 00788cam a22002533a 4500
001 13425
003 PGUSA
005 20140828083304.0
008 040910s2004||||xxu|||||s|||||000 | eng d
040 _aPGUSA
_beng
042 _adc
050 4 _aPR
100 1 _aFletcher, John,
_d1579-1625
245 1 0 _aWit Without Money; A Comedy :
_bThe Works of Francis Beaumont and John Fletcher
_h[electronic resource] /
_cJohn Fletcher
260 _bProject Gutenberg,
_c2004
500 _aGenerally regarded as Fletcher's unaided composition.
506 _aPublic domain in the USA.
516 _aElectronic text
653 _aEnglish drama -- 17th century
653 _aComedies
830 0 _aProject Gutenberg
_v13425
856 4 0 _uhttp://www.gutenberg.org/ebooks/13425
942 _cEB
999 _c242680
_d242680